Дело по всеподданнейшим за 1890 год отчетам господ губернаторов

Доступно только в Электронных читальных залах Найти на картеНа карте
RUSMARC
00003686nmc2a22002413x 450
0014c696634-34a8-447a-aa50-b01b612b77d2
00520211229150416.0
100##$a20210810l18911892k l0rusy0189 ca
1010#$arus
102##$aRU
105##$aa###
1222#$ad
2001#$aДело по всеподданнейшим за 1890 год отчетам господ губернаторов
$j6 февраля 1891 г. - 27 марта 1892 г.
215##$a595 л.
$cтабл.
$d36,5х26 см
251##$cДело
300##$aДело
371##$aДокумент не является опубликованным и широко распространяемым
461#0$1001a74412a3-3cc5-4d21-8f0a-dfe2fbd9e72d
$12001
$aДепартамент народного просвещения Министерства народного просвещения
$1251
$cФонд
$1852
$j733
462#0$1001b33464f2-4bc4-41e3-b4bc-525e855f0eb0
$12001
$aДела разряда общих дел Министерства народного просвещения
$1251
$cОпись
$1852
$j194
801#0$aRU
$bРГИА
$c20210810
$gRCR
801#1$aRU
$bГлавНИВЦ
$c20210810
$2rusmarc
801#2$aRU
$bПБ им. Б.Н. Ельцина
$c20211229
$gRCR
$2rusmarc
850##$aРГИА
852##$aРГИА
$eФедеральное казенное учреждение "Российский государственный исторический архив" (РГИА)
$j1201
937##$hРГИА
$d12368454
$aASBIBLIO_SCAN
035##$aRusGRCC00034568
856##$uhttp://readingroom.main.prlib.ru/item.aspx?id_node=n172210761&mode=full
Формат отображения